000 00874nam a2200289Ia 4500
001 Para_7256
003 CHAP
008 220125s1941 xx 000 0 und d
010 _a206142
040 _cCHAP
082 _aPA-C 636.5 B85
245 _aCulling and the selection of high egg prodecers /
_c by Arthur Gannon
260 _aAthens, Ga. :
_b The University of Georgia. College of Agriculture
300 _a13 p.
440 _aBulletin; 451
_9172341
500 _aEncuadernado con otros impresos similares
650 _aAves de corral
_x matanza
_98658
650 _aAvicultura
_x colecciones de escritos
_9172340
650 _aHuevos
_x producción
_956759
901 _aPA-C 636.5 B85
902 _aA
905 _a0000001941 a 0000000000 00
910 _a1941
942 _cPARA
942 _cPARA
_d1
999 _c206142
_d206142